000 00698nam a2200205Ii 4500
003 JO-AjNU
008 230605s9999||||xx |||||||||||||| ||und||
040 _aJO-AjNU
_bara
_erda
_cJO-AjNU
041 _aara
050 1 4 _aQA11.D3364 2019
100 3 _aدهبي، نورة,
_eauthor
_960086
245 0 0 _aالرياضيات: الإحداثيات.المنحنيات-المستقيمات- الاقترانات- النهايات
250 _aط1
264 3 1 _aعمان: دار صفاء للنشر والتوزيع، 2019
300 _a180ص
336 _atext
_btxt
_2rdacontent
337 _aunmediated
_bn
_2rdamedia
338 _avolume
_bnc
_2rdacarrier
650 4 _aالرياضيات
_960087
999 _aA27074
_c30642
_d30642